000 00511nam a2200181Ia 4500
001 11218
005 20260306161930.0
008 260306t2023||||xx |||||||||||||| ||spa||
041 _aESP
082 _a985.019
_bM26
100 _aMarcone Flores, Giancarlo,
_eAUT
245 0 _aUn imperio, múltiples espacios :
_bperspectiva y balance de los análisis espaciales en arqueología inca
260 _c2023
300 _a175 páginas :
_c25 cm.
650 _aGEN
654 _aCHU
942 _cLIB
_dJUS
_fJUS
_2ddc
_n
999 _c11218
_d11218